Normal view
MARC view
- ORAL MANIFESTATIONS OF GENERAL DISEASES
Entry Topical Term
001 - CONTROL NUMBER
- control field: 1488
003 - CONTROL NUMBER IDENTIFIER
- control field: CBULib
005 - DATE AND TIME OF LATEST TRANSACTION
- control field: 20231219102205.0
008 - FIXED-LENGTH DATA ELEMENTS
- fixed length control field: 231219|| aca||babn | a|a d
040 ## - CATALOGING SOURCE
- Original cataloging agency: CBULib
150 ## - HEADING--TOPICAL TERM
- Topical term or geographic name entry element: ORAL MANIFESTATIONS OF GENERAL DISEASES